Sử dụng tài nguyên đất trong xây dựng và phát triển nông thôn
Sparad:
| Huvudupphovsman: | |
|---|---|
| Materialtyp: | Bok |
| Språk: | Undetermined |
| Publicerad: |
Hà Nội
Nông Nghiệp
2000
|
| Ämnen: | |
| Taggar: |
Lägg till en tagg
Inga taggar, Lägg till första taggen!
|
| Thư viện lưu trữ: | Trung tâm Học liệu Trường Đại học Cần Thơ |
|---|
| LEADER | 00543nam a2200169Ia 4500 | ||
|---|---|---|---|
| 001 | CTU_40661 | ||
| 008 | 210402s9999 xx 000 0 und d | ||
| 082 | |a 624.151 | ||
| 082 | |b C460 | ||
| 100 | |a Phạm Văn Cơ | ||
| 245 | 0 | |a Sử dụng tài nguyên đất trong xây dựng và phát triển nông thôn | |
| 245 | 0 | |c Phạm Văn Cơ | |
| 260 | |a Hà Nội | ||
| 260 | |b Nông Nghiệp | ||
| 260 | |c 2000 | ||
| 650 | |a geology, foundation,soil mechanics | ||
| 980 | |a Trung tâm Học liệu Trường Đại học Cần Thơ | ||